| 000 | 00358cam a22001217a 4500 | ||
|---|---|---|---|
| 008 | 180718b1970 xxu||||| |||| 00| 0 eng d | ||
| 082 | _aA6x5401 V53 | ||
| 100 | _aVerma, Onkar Prasad | ||
| 245 |
_aYadavas and their times _cby Onkar Prasad Verma |
||
| 260 |
_aNagpur _bVidarbha Samshodhan Mandal _c1970 |
||
| 300 | _a404p. | ||
| 650 | _aIndia - History, - to 1200 | ||
| 999 |
_c356283 _d356283 |
||